The Heaps in Septimus Heap - Statistics

General Stats
  • This quiz has been taken 68 times
  • The average score is 8 of 10
Answer Stats
Hint Answer % Correct
Septimus
98%
(adopted) Jenna
90%
Father Silas
80%
Jo-Jo
78%
Nicko
78%
Mother Sarah
78%
Simon
75%
Erik
63%
Sam
63%
Edd
58%
No matching quizzes found
Score Distribution
Percent of People with Each Score
Percentile by Number Answered
Your Score History
You have not taken this quiz